| 000 | 00369nam a22001337a 4500 | ||
|---|---|---|---|
| 008 | 250823b |||||||| |||| 00| 0 eng d | ||
| 022 | _a2321-905X | ||
| 041 | _aEng | ||
| 245 | _aWorld Academics Journal of Management | ||
| 260 |
_aAkiNik Publication _bNew Delhi _c2025 |
||
| 300 | _a50;. P. | ||
| 856 | _uhttps://www.isroset.org/journal/WAJM/index.php | ||
| 942 |
_cSR _s1 |
||
| 999 |
_c46468 _d46468 |
||